[Event "IECC CL3-2004.07 email"]
[Site "IECC email"]
[Date "2004.02.11"]
[Round "?"]
[White "Gosme, Emile"]
[Black "Jordan, Tanya"]
[Result "0-1"]
[WhiteElo "1877"]
[BlackElo "1928"]
[PlyCount "64"]
[EventDate "2004.??.??"]
[EventType "tourn (corr)"]
[EventRounds "4"]
[SourceTitle "Corr 2008"]
[Source "ChessBase"]
[SourceDate "2008.06.24"]
[SourceVersion "1"]
[SourceVersionDate "2008.06.24"]
[SourceQuality "1"]

1. d4 d5 2. e4 dxe4 3. f3 e5 4. d5 c6 5. Bc4 Nf6 6. fxe4 Nxe4 7. Qh5 cxd5 8. Qxe5+ Be6 9. Bb5+ Nd7 10. Nd2 Qa5 11. Bxd7+ Kxd7 12. c3 Bd6 13. Qd4 Bc5 14. Qe5 f6 15. Qf4 g5 16. Qf3 Qb6 17. Ne2 Nf2 18. Rf1 Ng4 19. Nb3 Nxh2 20. Qxf6 Be7 21. Qg7 Rhg8 22. Qd4 Qxd4 23. Nexd4 Nxf1 24. Nxe6 Nh2 25. Nec5+ Bxc5 26. Nxc5+ Kc6 27. Nb3 Rgf8 28. Bxg5 Rae8+ 29. Kd2 Rf2+ 30. Kd3 Rg8 31. Be3 Rxb2 32. Nd4+ Kd7 0-1

[Event "IECC CL3-2003.25 email"]
[Site "IECC email"]
[Date "2003.11.07"]
[Round "?"]
[White "Gosme, Emile"]
[Black "Bandiera, Aurelio"]
[Result "0-1"]
[WhiteElo "1863"]
[BlackElo "1930"]
[PlyCount "72"]
[EventDate "2003.??.??"]
[EventType "tourn (corr)"]
[EventRounds "4"]
[SourceTitle "Corr 2008"]
[Source "ChessBase"]
[SourceDate "2008.06.24"]
[SourceVersion "1"]
[SourceVersionDate "2008.06.24"]
[SourceQuality "1"]

1. d4 d5 2. e4 c6 3. e5 Bf5 4. Nf3 e6 5. Be2 Nd7 6. 0-0 Ne7 7. Nh4 Qb6 8. c4 Bxb1 9. Rxb1 dxc4 10. Bxc4 Nd5 11. Qg4 h5 12. Qe4 Be7 13. Ng6 fxg6 14. Qxg6+ Kd8 15. Rd1 Re8 16. Bb3 Nf8 17. Qxg7 Qb5 18. Bg5 Bxg5 19. Qxg5+ Kc7 20. Rbc1 Nd7 21. Qh6 N7b6 22. Qxh5 Rad8 23. Rc5 Qa6 24. Rd2 Rh8 25. Qg6 Rdg8 26. Qf7+ Kb8 27. h3 Re8 28. a3 Rhf8 29. Qh7 Nf4 30. Qe4 Rf7 31. Bd1 Nbd5 32. Rc1 Rh8 33. Bg4 Qb6 34. b4 Qd8 35. b5 Qg5 36. Rcc2 Rfh7 0-1

[Event "IECC CL3-2002.34"]
[Site "IECC email"]
[Date "2002.10.20"]
[Round "?"]
[White "Kunakov, Oleg"]
[Black "Gosme, Emile"]
[Result "1-0"]
[WhiteElo "1965"]
[BlackElo "1883"]
[PlyCount "27"]
[EventDate "2002.??.??"]
[EventType "tourn (corr)"]
[EventRounds "4"]
[SourceTitle "Corr 2008"]
[Source "ChessBase"]
[SourceDate "2008.06.24"]
[SourceVersion "1"]
[SourceVersionDate "2008.06.24"]
[SourceQuality "1"]

1. e4 c5 2. Nf3 Nc6 3. d4 cxd4 4. Nxd4 Nf6 5. Nc3 e5 6. Ndb5 d6 7. Bg5 a6 8. Na3 b5 9. Nd5 Be7 10. Bxf6 Bxf6 11. c4 b4 12. Nc2 0-0 13. Qf3 Bg4 14. Qxg4 1-0

[Event "Liape Magistral 02-B email"]
[Site "Liape email"]
[Date "2002.08.13"]
[Round "9"]
[White "Hervas, Fernando"]
[Black "Gosme, Emile"]
[Result "1/2-1/2"]
[WhiteElo "1925"]
[BlackElo "1893"]
[PlyCount "63"]
[EventDate "2002.08.05"]
[EventType "tourn (corr)"]
[EventRounds "8"]
[EventCountry "ARG"]
[SourceTitle "Corr 2006"]
[Source "ChessBase"]
[SourceDate "2006.04.01"]
[SourceVersion "3"]
[SourceVersionDate "2006.04.01"]
[SourceQuality "1"]

1. e4 c5 2. Nf3 Nf6 3. e5 Nd5 4. Nc3 e6 5. Ne4 f5 6. Nc3 Nc6 7. Nxd5 exd5 8. d4 d6 9. Bf4 cxd4 10. Qe2 dxe5 11. Nxe5 Qe7 12. 0-0-0 Qe6 13. Nf3 Qxe2 14. Bxe2 Bc5 15. Rhe1 0-0 16. Bb5 Bd7 17. Ba4 Be8 18. Bxc6 Bxc6 19. Nxd4 Rae8 20. Rxe8 Rxe8 21. Be3 Bxd4 22. Rxd4 g6 23. c3 Kf7 24. Kd2 b5 25. h4 a6 26. Kd3 h5 27. f3 a5 28. a3 a4 29. g3 Ke6 30. Bg5 Kd6 31. Bf4+ Kc5 32. Be3 1/2-1/2

[Event "IECC CL3-2002.22"]
[Site "IECC email"]
[Date "2002.06.30"]
[Round "?"]
[White "Gosme, Emile"]
[Black "Milde, Lars"]
[Result "0-1"]
[WhiteElo "1897"]
[BlackElo "1916"]
[PlyCount "100"]
[EventDate "2002.??.??"]
[EventType "tourn (corr)"]
[EventRounds "4"]
[SourceTitle "Corr 2008"]
[Source "ChessBase"]
[SourceDate "2008.06.24"]
[SourceVersion "1"]
[SourceVersionDate "2008.06.24"]
[SourceQuality "1"]

1. d4 Nf6 2. Bg5 g6 3. Bxf6 exf6 4. Nf3 f5 5. e3 Bg7 6. Nbd2 0-0 7. Bd3 f4 8. e4 d5 9. c3 c5 10. 0-0 cxd4 11. Nxd4 Bxd4 12. cxd4 dxe4 13. Nxe4 Qxd4 14. Qb3 f3 15. gxf3 Be6 16. Qc3 Nc6 17. Be2 Rfd8 18. a3 Rac8 19. Rac1 Qxc3 20. bxc3 Bb3 21. Rfe1 f5 22. Nc5 Na5 23. Nxb3 Nxb3 24. Rb1 Na5 25. c4 Rd7 26. Rec1 Kg7 27. Kg2 b6 28. f4 Rdc7 29. Rb4 Kf6 30. Kg3 Rd8 31. Bf1 Rd2 32. c5 bxc5 33. Rb5 Nb7 34. Kf3 Ra2 35. Rc3 Nd6 36. Rbxc5 Rxc5 37. Rxc5 Rxa3+ 38. Ke2 Ne4 39. Rc7 Nc3+ 40. Kd2 Nd5 41. Rc6+ Kg7 42. Rc4 Ra2+ 43. Ke1 Ra1+ 44. Ke2 a5 45. Bg2 Ra2+ 46. Ke1 Nb4 47. Bf1 Kf6 48. h4 Rb2 49. Rc7 Rb1+ 50. Ke2 a4 0-1

[Event "IECC CL3-2002.22"]
[Site "IECC email"]
[Date "2002.06.30"]
[Round "?"]
[White "Gosme, Emile"]
[Black "Shchepetnev, Vasiliy"]
[Result "0-1"]
[WhiteElo "1913"]
[BlackElo "1933"]
[PlyCount "106"]
[EventDate "2002.??.??"]
[EventType "tourn (corr)"]
[EventRounds "4"]
[SourceTitle "Corr 2008"]
[Source "ChessBase"]
[SourceDate "2008.06.24"]
[SourceVersion "1"]
[SourceVersionDate "2008.06.24"]
[SourceQuality "1"]

1. d4 d5 2. e4 dxe4 3. f3 Nf6 4. Bc4 e6 5. Bg5 Be7 6. c3 exf3 7. Nxf3 0-0 8. Nbd2 Nbd7 9. 0-0 b6 10. Qe1 Bb7 11. Qh4 c5 12. Bd3 Re8 13. Rae1 cxd4 14. Nxd4 h6 15. Be3 Nc5 16. Bc4 Nd5 17. Qg4 Nxe3 18. Rxe3 Bg5 19. Re2 Qc7 20. Nb5 Qc6 21. Nf3 Ne4 22. Nxg5 Nxg5 23. b3 Qc5+ 24. Qd4 Qxd4+ 25. Nxd4 Ne4 26. Rc1 a6 27. Bd3 Nf6 28. a4 Rad8 29. Rce1 Rd6 30. Bc4 Nd5 31. Bxd5 Rxd5 32. Kf2 e5 33. b4 f6 34. Nf5 Rd3 35. Re3 Red8 36. g4 Rd2+ 37. R1e2 R2d7 38. h3 Bd5 39. a5 Bc4 40. Rb2 b5 41. Ng3 Rd3 42. Rbe2 Rd1 43. Re1 R1d2+ 44. Kg1 Bd3 45. Nh1 Kf7 46. Nf2 Ke6 47. h4 g5 48. hxg5 hxg5 49. Kg2 Rc2 50. Kg3 Bg6 51. R1e2 Rdd2 52. Rxd2 Rxd2 53. Re1 Kd5 0-1

[Event "IECC CL3-2002.09"]
[Site "IECC email"]
[Date "2002.03.04"]
[Round "?"]
[White "Zimmerman, Ian T"]
[Black "Gosme, Emile"]
[Result "0-1"]
[WhiteElo "1917"]
[BlackElo "1892"]
[PlyCount "106"]
[EventDate "2002.??.??"]
[EventType "tourn (corr)"]
[EventRounds "4"]
[SourceTitle "Corr 2008"]
[Source "ChessBase"]
[SourceDate "2008.06.24"]
[SourceVersion "1"]
[SourceVersionDate "2008.06.24"]
[SourceQuality "1"]

1. d4 f5 2. g3 Nf6 3. Bg2 d5 4. c4 e6 5. Nd2 c6 6. Nh3 Bd6 7. 0-0 0-0 8. Qc2 Qe7 9. Nf3 h6 10. Nf4 Qe8 11. Nd3 dxc4 12. Qxc4 b6 13. Nfe5 Ba6 14. Qc2 Nd5 15. Bd2 Bb5 16. a4 Bxd3 17. Nxd3 a5 18. Rac1 Ra7 19. f3 Qd8 20. e4 Nb4 21. Nxb4 Bxb4 22. Be3 Re8 23. Qb3 Kh8 24. Rf2 Rd7 25. Bf1 Rd6 26. Bc4 fxe4 27. fxe4 Rxd4 28. Bxd4 Qxd4 29. Kg2 Qxe4+ 30. Qf3 Qxf3+ 31. Kxf3 Nd7 32. Re2 e5 33. Rd1 Nc5 34. Kg4 Nxa4 35. Rd7 b5 36. Bf7 Rf8 37. Bg6 Nb6 38. Rb7 Nc4 39. Bd3 Nd6 40. Rc7 e4 41. Bxe4 Nxe4 42. Rxe4 Rf6 43. Rc8+ Kh7 44. h4 Rg6+ 45. Kf3 h5 46. Re5 Rf6+ 47. Ke4 Rh6 48. Kf5 Rf6+ 49. Ke4 Rh6 50. Rce8 Bd6 51. Rg5 a4 52. Ra8 Re6+ 53. Kd4 g6 0-1

[Event "IECC CL3-2001.37"]
[Site "IECC email"]
[Date "2001.11.14"]
[Round "?"]
[White "Gosme, Emile"]
[Black "Perez, Maria Jose"]
[Result "1-0"]
[WhiteElo "1887"]
[BlackElo "1993"]
[PlyCount "73"]
[EventDate "2001.??.??"]
[EventType "tourn (corr)"]
[EventRounds "4"]
[SourceTitle "Corr 2008"]
[Source "ChessBase"]
[SourceDate "2008.06.24"]
[SourceVersion "1"]
[SourceVersionDate "2008.06.24"]
[SourceQuality "1"]

1. d4 Nf6 2. Bg5 e6 3. Bxf6 Qxf6 4. e4 e5 5. c3 exd4 6. Qxd4 Be7 7. Nd2 Nc6 8. Qxf6 Bxf6 9. 0-0-0 Rb8 10. Bb5 d6 11. f4 a6 12. Bxc6+ bxc6 13. Ngf3 Be6 14. Rhe1 Bxa2 15. f5 a5 16. e5 dxe5 17. Nxe5 0-0 18. Nd7 Bg5 19. Nxb8 Rxb8 20. Kc2 f6 21. g3 Kf8 22. g4 h5 23. h3 Bf7 24. Kb1 hxg4 25. hxg4 g6 26. Nf3 gxf5 27. gxf5 a4 28. Ka1 Rb5 29. Nd4 Rd5 30. Nxc6 Rxf5 31. Re7 Rf2 32. Rxc7 f5 33. Nd4 f4 34. Rh1 Rg2 35. Ra7 Bf6 36. Rxa4 Bxd4 37. Rxd4 1-0

[Event "IECC CL2-2001.23"]
[Site "IECC email"]
[Date "2001.06.22"]
[Round "?"]
[White "Giurgiu, Nicolas T"]
[Black "Gosme, Emile"]
[Result "1-0"]
[WhiteElo "2084"]
[BlackElo "1907"]
[PlyCount "141"]
[EventDate "2001.??.??"]
[EventType "tourn (corr)"]
[EventRounds "4"]
[SourceTitle "Corr 2008"]
[Source "ChessBase"]
[SourceDate "2008.06.24"]
[SourceVersion "1"]
[SourceVersionDate "2008.06.24"]
[SourceQuality "1"]

1. e4 c5 2. Nf3 Nc6 3. d4 cxd4 4. Nxd4 Nf6 5. Nc3 a6 6. Bg5 e6 7. Nxc6 bxc6 8. Qd4 c5 9. Qe3 h6 10. Bh4 Be7 11. Bxf6 gxf6 12. Qg3 Kf8 13. Bc4 d6 14. 0-0 Rg8 15. Qh3 Kg7 16. Rad1 Rb8 17. b3 Bf8 18. f4 Qe7 19. Qh5 Kh7 20. Rf2 Bg7 21. Rfd2 Rb6 22. Bd3 Kh8 23. Na4 Rc6 24. Nb2 Bb7 25. Nc4 Rc7 26. Ne3 Qf8 27. f5 d5 28. fxe6 fxe6 29. exd5 f5 30. Re2 Bd4 31. c3 Bxc3 32. dxe6 Bd4 33. Qxf5 Qxf5 34. Bxf5 Bf3 35. Kf2 Bxe2 36. Kxe2 Bxe3 37. Kxe3 Rxg2 38. Be4 Rgg7 39. Kf4 Rc8 40. Rd6 Rf8+ 41. Ke3 a5 42. Kd3 Rg5 43. Rd7 Re5 44. Bd5 Rf2 45. Kc4 Rxh2 46. Kxc5 Rxa2 47. Kd6 Rae2 48. Bc4 Re1 49. e7 a4 50. bxa4 R5e4 51. Rc7 Rd4+ 52. Bd5 Rxa4 53. Rc8+ Kg7 54. e8Q Ra6+ 55. Bc6 Rxe8 56. Rxe8 h5 57. Kd5 Kf6 58. Rh8 Kg5 59. Bd7 Ra7 60. Rd8 h4 61. Ke5 Ra5+ 62. Ke4 Rc5 63. Rg8+ Kf6 64. Ra8 Rc4+ 65. Kf3 Rd4 66. Bc6 Rb4 67. Be4 Rb2 68. Kg4 Rb4 69. Kf4 Rb2 70. Ra6+ Kg7 71. Rg6+ 1-0

[Event "IECC CL3-2000.61"]
[Site "IECC email"]
[Date "2000.12.17"]
[Round "?"]
[White "Gosme, Emile"]
[Black "Vaillancourt, Stephane"]
[Result "1/2-1/2"]
[WhiteElo "1914"]
[BlackElo "1990"]
[PlyCount "94"]
[EventDate "2000.??.??"]
[EventType "tourn (corr)"]
[EventRounds "4"]
[SourceTitle "Corr 2008"]
[Source "ChessBase"]
[SourceDate "2008.06.24"]
[SourceVersion "1"]
[SourceVersionDate "2008.06.24"]
[SourceQuality "1"]

1. d4 Nf6 2. Bg5 e6 3. Bxf6 Qxf6 4. e4 d5 5. e5 Qd8 6. Bd3 c5 7. c3 Qb6 8. Qd2 cxd4 9. cxd4 Bd7 10. Nf3 Nc6 11. Be2 Rc8 12. Nc3 Be7 13. 0-0 0-0 14. Rac1 f6 15. Na4 Qb4 16. Qxb4 Bxb4 17. exf6 gxf6 18. Nc3 Be8 19. Nb5 Bh5 20. Rfd1 a6 21. Nc3 Rfd8 22. a3 Ba5 23. Kh1 Bb6 24. g4 Bg6 25. Na4 Ba7 26. Nc5 Bxc5 27. Rxc5 Be4 28. Kg2 e5 29. dxe5 fxe5 30. Kg3 Kg7 31. Rdc1 Bxf3 32. Bxf3 e4 33. Bg2 Rd6 34. h4 Re8 35. Rd1 d4 36. Kf4 Rf6+ 37. Rf5 Rfe6 38. Rg5+ Kf6 39. Re1 e3 40. fxe3 Rxe3 41. Rd1 Ne5 42. Rf5+ Kg7 43. Rxd4 Ng6+ 44. Kg5 R8e7 45. Kh5 Re2 46. Bf1 Rxb2 47. g5 Ra2 1/2-1/2

[Event "IECG CP.2000.P.00076"]
[Site "IECG email"]
[Date "2000.10.01"]
[Round "?"]
[White "Gosme, Emile"]
[Black "Perrotta, Andrea"]
[Result "1-0"]
[WhiteElo "1644"]
[BlackElo "1876"]
[PlyCount "35"]
[EventDate "2000.10.01"]
[EventType "tourn (corr)"]
[EventRounds "6"]
[EventCountry "ARG"]
[SourceTitle "Corr 2008"]
[Source "ChessBase"]
[SourceDate "2008.06.24"]
[SourceVersion "1"]
[SourceVersionDate "2008.06.24"]
[SourceQuality "1"]

1. d4 Nf6 2. Bg5 Ne4 3. Bh4 d5 4. f3 Nd6 5. Nc3 Nc4 6. e4 Ne3 7. Qd3 Nxf1 8. Nxd5 Nxh2 9. Rxh2 c6 10. Nc3 Qc7 11. Rh1 g6 12. Nge2 Bg7 13. d5 cxd5 14. Nxd5 Qa5+ 15. b4 Qd8 16. Bxe7 Qd7 17. Bf6 0-0 18. Qc3 1-0

[Event "IECG CP.2000.P.00076"]
[Site "IECG email"]
[Date "2000.10.01"]
[Round "?"]
[White "Roldan Ortiz, Antonio Jose"]
[Black "Gosme, Emile"]
[Result "1-0"]
[WhiteElo "1452"]
[BlackElo "1644"]
[PlyCount "81"]
[EventDate "2000.10.01"]
[EventType "tourn (corr)"]
[EventRounds "6"]
[EventCountry "ARG"]
[SourceTitle "Corr 2008"]
[Source "ChessBase"]
[SourceDate "2008.06.24"]
[SourceVersion "1"]
[SourceVersionDate "2008.06.24"]
[SourceQuality "1"]

1. Nf3 f5 2. g3 Nf6 3. Bg2 g6 4. 0-0 Bg7 5. d4 0-0 6. c4 d6 7. Nc3 Qe8 8. d5 Na6 9. Rb1 c5 10. dxc6 bxc6 11. b4 Bd7 12. b5 cxb5 13. cxb5 Nc5 14. a4 Rc8 15. Nd4 Nfe4 16. Nxe4 fxe4 17. Ba3 e5 18. Bxc5 dxc5 19. Nc2 Qf7 20. Bxe4 Be6 21. Ne3 c4 22. a5 c3 23. b6 axb6 24. axb6 Rcd8 25. Qc2 Bh3 26. Bg2 Bxg2 27. Kxg2 e4 28. Qxe4 Rd2 29. b7 Rb8 30. Qc6 Rd7 31. Qc8+ Rd8 32. Qxd8+ Rxd8 33. b8Q Rxb8 34. Rxb8+ Bf8 35. Rfb1 Qc7 36. R1b6 g5 37. h3 c2 38. Nxc2 Qxc2 39. Rf6 Qxe2 40. Rfxf8+ Kg7 41. Rg8+ 1-0

[Event "IECC CL3-2000.38"]
[Site "IECC email"]
[Date "2000.07.09"]
[Round "?"]
[White "Gosme, Emile"]
[Black "Vesciunas, Tomas"]
[Result "0-1"]
[WhiteElo "1866"]
[BlackElo "1947"]
[PlyCount "60"]
[EventDate "2000.??.??"]
[EventType "tourn (corr)"]
[EventRounds "4"]
[SourceTitle "Corr 2008"]
[Source "ChessBase"]
[SourceDate "2008.06.24"]
[SourceVersion "1"]
[SourceVersionDate "2008.06.24"]
[SourceQuality "1"]

1. d4 Nf6 2. Bg5 Ne4 3. Bh4 c5 4. f3 Nf6 5. Nc3 cxd4 6. Qxd4 Nc6 7. Qa4 e6 8. 0-0-0 Be7 9. e4 Nxe4 10. Nxe4 Bxh4 11. Nd6+ Kf8 12. Ne2 Bf6 13. Ng3 g6 14. Bb5 Kg7 15. h4 Be5 16. Nge4 a6 17. h5 Rb8 18. Bf1 f5 19. Nc5 Qe7 20. Nxc8 Qxc5 21. Rxd7+ Kf6 22. hxg6 Qe3+ 23. Kd1 Rbxc8 24. Qh4+ Qg5 25. Rxh7 Qxh4 26. R1xh4 Kxg6 27. R4h6+ Kg5 28. Rh5+ Kf4 29. c3 Ke3 30. Bc4 Rhd8+ 0-1

[Event "IECG FI.2000.0.00005 Jim Krepp mem III"]
[Site "IECG email"]
[Date "2000.04.01"]
[Round "?"]
[White "Bunyan, Henry"]
[Black "Gosme, Emile"]
[Result "0-1"]
[WhiteElo "1749"]
[BlackElo "1671"]
[PlyCount "94"]
[EventDate "2000.04.01"]
[EventType "tourn (corr)"]
[EventRounds "14"]
[SourceTitle "Corr 2008"]
[Source "ChessBase"]
[SourceDate "2008.06.24"]
[SourceVersion "1"]
[SourceVersionDate "2008.06.24"]
[SourceQuality "1"]

1. e4 d5 2. exd5 Qxd5 3. Nc3 Qa5 4. d4 Nf6 5. Be2 Bf5 6. Nf3 e6 7. 0-0 c6 8. Nh4 Bg6 9. Nxg6 hxg6 10. Bf4 Nbd7 11. Bf3 0-0-0 12. a3 Qf5 13. Bg3 Nh5 14. Bg4 Qa5 15. b4 Qb6 16. Na4 Qb5 17. c3 Ndf6 18. Be2 Qg5 19. Qc1 Qxc1 20. Raxc1 Nxg3 21. fxg3 Bd6 22. Nb2 e5 23. Bc4 Rd7 24. Nd3 exd4 25. cxd4 Bc7 26. Ne5 Rxd4 27. Nxf7 Rh5 28. Rfe1 Rd2 29. Re2 Rd4 30. Ree1 a5 31. Be2 Rf5 32. Bc4 Nd5 33. Nh8 axb4 34. Nxg6 bxa3 35. Bxd5 Rfxd5 36. Ne7+ Kd7 37. Nxd5 Rxd5 38. Ra1 Bd6 39. Rf1 Bc5+ 40. Kh1 Ke6 41. Rae1+ Re5 42. Rb1 b5 43. Rfc1 b4 44. h3 Kd5 45. Rc2 Re3 46. Rd1+ Bd4 47. Ra2 Kc4 0-1

[Event "IECG FI.2000.0.00005 Jim Krepp mem III"]
[Site "IECG email"]
[Date "2000.04.01"]
[Round "?"]
[White "Gosme, Emile"]
[Black "Banko, Dean"]
[Result "1-0"]
[WhiteElo "1671"]
[BlackElo "1738"]
[PlyCount "47"]
[EventDate "2000.04.01"]
[EventType "tourn (corr)"]
[EventRounds "14"]
[SourceTitle "Corr 2008"]
[Source "ChessBase"]
[SourceDate "2008.06.24"]
[SourceVersion "1"]
[SourceVersionDate "2008.06.24"]
[SourceQuality "1"]

1. d4 Nf6 2. Bg5 g6 3. Bxf6 exf6 4. Nf3 f5 5. e3 Bg7 6. c4 c5 7. Nc3 cxd4 8. exd4 0-0 9. Be2 Re8 10. 0-0 b6 11. Qd2 Bb7 12. Rae1 d5 13. cxd5 Bxd5 14. Nxd5 Qxd5 15. Bc4 Qd7 16. Ng5 Rf8 17. Ne6 Rc8 18. Nxg7 Kxg7 19. Bb3 Na6 20. Qe2 Nc7 21. Qe7 Qe8 22. Re5 Na6 23. Qa3 Qb5 24. Rxb5 1-0

[Event "IECG FI.2000.0.00005 Jim Krepp mem III"]
[Site "IECG email"]
[Date "2000.04.01"]
[Round "?"]
[White "Gosme, Emile"]
[Black "Bartsch, Christian"]
[Result "0-1"]
[WhiteElo "1671"]
[BlackElo "1756"]
[PlyCount "100"]
[EventDate "2000.04.01"]
[EventType "tourn (corr)"]
[EventRounds "14"]
[SourceTitle "Corr 2008"]
[Source "ChessBase"]
[SourceDate "2008.06.24"]
[SourceVersion "1"]
[SourceVersionDate "2008.06.24"]
[SourceQuality "1"]

1. d4 e6 2. e4 d5 3. Nc3 Nf6 4. Bg5 Bb4 5. e5 h6 6. exf6 hxg5 7. fxg7 Rg8 8. h4 gxh4 9. Qg4 Qf6 10. Rxh4 Qxg7 11. Qxg7 Rxg7 12. Rh8+ Bf8 13. Nf3 Bd7 14. 0-0-0 Nc6 15. g3 0-0-0 16. Be2 Bd6 17. Rh2 Ne7 18. Rdh1 c5 19. Rh7 Rdg8 20. Nd1 cxd4 21. Nxd4 e5 22. Nb5 Bc5 23. Nbc3 a6 24. a3 f5 25. Bf3 e4 26. Be2 d4 27. b4 Bd6 28. Bc4 Rxh7 29. Rxh7 Re8 30. Ne2 Be5 31. Nf4 Bxf4+ 32. gxf4 Ng6 33. c3 e3 34. fxe3 dxe3 35. Bf7 e2 36. Bxe8 Bxe8 37. Kd2 exd1Q+ 38. Kxd1 Nxf4 39. Kd2 Ng6 40. c4 f4 41. c5 f3 42. Ke3 Bc6 43. Rh5 Nf4 44. Rh6 Kd7 45. Rd6+ Ke7 46. Kxf4 f2 47. Rd1 Bb5 48. Kf5 f1Q+ 49. Rxf1 Bxf1 50. a4 Kd7 0-1

[Event "IECG FI.2000.0.00005 Jim Krepp mem III"]
[Site "IECG email"]
[Date "2000.04.01"]
[Round "?"]
[White "Gosme, Emile"]
[Black "Spiridonov, Nick"]
[Result "0-1"]
[WhiteElo "1671"]
[BlackElo "1946"]
[PlyCount "52"]
[EventDate "2000.04.01"]
[EventType "tourn (corr)"]
[EventRounds "14"]
[SourceTitle "Corr 2008"]
[Source "ChessBase"]
[SourceDate "2008.06.24"]
[SourceVersion "1"]
[SourceVersionDate "2008.06.24"]
[SourceQuality "1"]

1. d4 Nf6 2. Bg5 Ne4 3. Bh4 g5 4. f3 gxh4 5. fxe4 c5 6. e3 Qb6 7. Nc3 e6 8. Nf3 Qxb2 9. Nb5 Qb4+ 10. c3 Qa5 11. Ne5 a6 12. Qh5 axb5 13. Nxf7 Qxc3+ 14. Kf2 cxd4 15. Nxh8+ Kd8 16. Qg5+ Kc7 17. Qe5+ d6 18. Qxd4 Qxd4 19. exd4 Bg7 20. Rc1+ Nc6 21. Nf7 Bxd4+ 22. Ke1 Rxa2 23. Bxb5 Be3 24. Bc4 Rb2 25. Rd1 Nd4 26. Rd3 Bf2+ 0-1

[Event "IECG WC.2003.P.00013 email"]
[Site "IECG email"]
[Date "2000.??.??"]
[Round "?"]
[White "Gosme, Emile"]
[Black "Wolff, Christoph"]
[Result "0-1"]
[WhiteElo "1671"]
[BlackElo "2130"]
[PlyCount "80"]
[EventDate "2000.01.26"]
[EventType "tourn (corr)"]
[EventRounds "10"]
[SourceTitle "Corr 2008"]
[Source "ChessBase"]
[SourceDate "2008.06.24"]
[SourceVersion "1"]
[SourceVersionDate "2008.06.24"]
[SourceQuality "1"]

1. d4 Nf6 2. Bg5 e6 3. Bxf6 Qxf6 4. e4 d6 5. Nf3 g6 6. Nc3 Bg7 7. Qd2 0-0 8. Be2 b6 9. 0-0-0 Bb7 10. h4 c5 11. h5 Nc6 12. e5 dxe5 13. Ne4 Qe7 14. hxg6 hxg6 15. dxc5 Nd4 16. Bd3 Rfd8 17. Qg5 Qxg5+ 18. Nfxg5 bxc5 19. c3 Nf5 20. Rh2 Rac8 21. g4 Nd6 22. Nd2 Bf6 23. Nh7 Be7 24. f3 Kg7 25. g5 Nf5 26. Be4 Bd5 27. c4 Bxe4 28. Nf6 Bxf6 29. gxf6+ Kxf6 30. Nxe4+ Ke7 31. Rxd8 Rxd8 32. Nxc5 Rd4 33. b3 Nh4 34. Rh3 Rf4 35. Kd2 Nxf3+ 36. Kc3 g5 37. Rh8 g4 38. Rg8 e4 39. Ra8 g3 40. Rg8 e3 0-1